[Event "FIDE-Wch k.o. f"]
[Site "Lausanne"]
[Date "1998.??.??"]
[Round "8.1"]
[White "Karpov, Anatoly"]
[Black "Anand, Viswanathan"]
[Result "1-0"]
[WhiteElo "2735"]
[BlackElo "2770"]
[Annotator "Stohl"]
[PlyCount "215"]
[EventDate "1998.01.02"]
[EventType "match"]
[EventRounds "6"]
[EventCountry "SUI"]
[Source "ChessBase"]
[SourceDate "1998.04.09"]

1. d4 {Lutz} d5 2. c4 c6 3. Nc3 Nf6 4. e3 e6 5. Nf3 Nbd7 {The Semi-Slav has
quite often in the past been a battle-ground for Karpov and Anand, ever since
their candidates match in 1991.} 6. Bd3 {In Brussels 1991 the position after} (
6. Qc2 Bd6 7. Be2 O-O 8. O-O dxc4 9. Bxc4 Qe7 {arose 3 times.} ({
Last year in Biel Anand came up with} 9... a6 $5 10. Bd2 c5 11. dxc5 Nxc5 12.
Be2 b5 13. b4 Ncd7 14. Ne4 Be7 15. Nxf6+ Bxf6 16. Bc3 Bb7 17. Bxf6 Nxf6 18. Qb2
Qe7 19. Rfc1 Nd5 20. a3 Rfc8 21. Ne5 Nb6 22. Rxc8+ Rxc8 23. Rc1 Rxc1+ 24. Qxc1
Qd6 25. Nd3 Nd7 $11 {Karpov,An-Anand,V/Biel A 1997/})) 6... dxc4 7. Bxc4 b5 8.
Bd3 Bb7 {This is the move Anand uses most often. But sometimes he varies with}
(8... b4 9. Ne4 Be7 10. O-O Bb7 11. Nxf6+ Nxf6 12. a3 O-O 13. axb4 Bxb4 14. e4
h6 15. e5 $1 (15. Qc2 a5 {transposes to another Karpov-Anand game, in which
Black had sufficient counterplay.} 16. e5 Nd7 17. Bh7+ Kh8 18. Be4 Qb8 19. Rd1
c5 20. Bf4 $6 cxd4 21. Rxd4 Rc8 22. Qe2 Nf8 23. h4 Bxe4 24. Rxe4 Ng6 25. h5
Nxf4 26. Rxf4 Ra7 27. g4 Bf8 28. g5 Rb7 $15 {
Karpov,An-Anand,V/Moscow Alekhine m 1992}) 15... Nd7 16. Bc2 Re8 17. Qd3 Nf8
18. Qe4 Ng6 19. Rd1 Qe7 20. Qg4 c5 $5 21. Bxg6 fxg6 22. Qxg6 Qf7 23. Qxf7+ Kxf7
24. dxc5 Bxc5 25. Be3 Bxf3 26. gxf3 Bxe3 27. fxe3 Re7 $14 {
Karpov,An-Anand,V/Monte Carlo act 1996}) 9. O-O ({
Another attempt to gain an advantage is} 9. e4) (9. a3 {
is too soft, as game 3 shows.}) 9... a6 10. e4 c5 11. d5 Qc7 $5 {The c5-c4 adva
nce is part of Black's plan, by this flexible move he tries to realize it at a
more suitable moment. Maybe Anand wanted to avoid Kasparov's continuation} (
11... c4 12. Bc2 Qc7 13. Nd4 Nc5 14. b4 $5 $13) 12. dxe6 ({Ineffective is} 12.
b3 Be7 13. a4 exd5 $1 14. Nxd5 Nxd5 15. exd5 O-O 16. axb5 axb5 17. Rxa8 Rxa8
18. Bxb5 Nf6 19. Bb2 Nxd5 20. Re1 Bf6 21. Ne5 Rd8 22. Qc1 h6 23. Bc4 Re8 24. f4
{Krasenkov,M-Timman,J/EUchT Pula 1997} Re7 $1 $11) ({
An interesting situation arises, if White also makes a prophylactic move-} 12.
Bc2 $5 {Now delaying c4 is risky, after} Be7 13. dxe6 fxe6 14. Ng5 Qc6 15. f4
$1 (15. Qf3 h6 16. Qh3 hxg5 17. Qxh8+ Kf7 18. Qh3 g4 $44) 15... h6 16. Nf3
O-O-O 17. Qe2 Rhf8 18. e5 Nd5 19. Nxd5 Qxd5 20. a4 b4 {
Gelfand,B-Drejev,A/ Biel A 1995} 21. Rd1 Qc6 22. a5 $1 $40 {would favor White.}
) 12... fxe6 13. Bc2 {Of course Karpov doesn't repeat the pseudoactive} (13.
Ng5 $6 Qc6 14. Qe2 c4 15. Bc2 Bc5 16. Be3 O-O 17. Rad1 h6 18. Nf3 Qc7 19. Nd4
Rae8 20. a3 Ne5 21. h3 Ng6 $15 {Karpov,An-Anand,V/Monte Carlo act 1994}) 13...
c4 {The main move.} (13... O-O-O $143 $6 14. Ng5 Ne5 15. Qe2 Re8 16. f4 $1 Nc6
17. Nf3 g5 $5 18. e5 $1 g4 19. exf6 gxf3 20. Qxf3 Nd4 21. Qh5 Be7 22. f7 Rd8
23. Be4 b4 24. Bxb7+ Kxb7 25. Ne2 Bf6 26. f5 exf5 27. Nxd4 Bxd4+ 28. Kh1 Rhf8
29. Rxf5 Rd7 30. Bf4 $36 {Sadler,M-Drejev,A/WChT Luzern 1997}) 14. Qe2 ({
Another topical problem is the position after} 14. Nd4 Nc5 15. Be3 e5 16. Nf3
$1 Ncxe4 17. Nxe4 Nxe4 18. Re1 Bd6 19. Bxe4 Bxe4 20. Ng5 $44 {|^}) 14... Bd6 $8
(14... O-O-O 15. a4 $5 $40 {is very risky.}) 15. Nd4 ({An older alternative is
} 15. Ng5 Nc5 16. f4 h6 $1 17. Nh3 e5 $132 (17... Nd3 $5 $13)) 15... Nc5 16. f4
e5 17. Ndxb5 $5 $146 {A new and violent sacrificial attempt to wrest the
initiative. White destroys Black's << pawn chain at the cost of a piece. Lutz:
Gleich in der 1.Matchpartie wartet Karpow mit einer bemerkenswerten Neuerung
auf. Bislang wurde 17.Nf5 versucht, was dem Weißen nicht viel verspricht.} ({
Not too promising is the older} 17. Nf5 O-O 18. Nxd6 (18. Rd1 Nd3 $1 (18...
Rad8 $2 19. Rxd6 $1 Rxd6 20. fxe5 $16) 19. Nxd6 Qxd6 20. Bxd3 cxd3 21. Rxd3 Qc7
$44 {@<=>,><e4}) 18... Qxd6 19. fxe5 Qxe5 20. Rf5 Qc7 21. Bg5 Nfxe4 $1 22.
Rxf8+ Rxf8 23. Nxe4 Qe5 24. Nf6+ $8 gxf6 25. Bxh7+ $1 Kxh7 26. Qh5+ $11 {
1/2,Kasparov,G-Akopian,V/Jerevan olm 1996} (26. Qh5+ {Lutz} Kg8 27. Qg6+ {
1/2-1/2 Kasparov,G-Akopian,V/Erevan olm 1996})) 17... axb5 18. Nxb5 Qb6 19.
Nxd6+ (19. Qxc4 $2 Ba6 $17) 19... Qxd6 20. fxe5 Qxe5 21. Rf5 Qe7 (21... Qc7 $2
22. Qxc4 Rc8 23. Bf4 {/\} Qc6 24. Re5+ Kf8 25. Rxc5 $1 $18) ({
Perhaps possible was also the provocative} 21... Qd6 $5 22. Qxc4 (22. e5 Qe6
23. Bh6 Nfe4 $1 24. Bxg7 Rg8 $15) 22... Ne6 $5 $13 (22... Ncxe4 $143 $2 23.
Bxe4 Nxe4 24. Qf7+ Kd8 25. Qxb7 Qd1+ 26. Rf1 Qd4+ 27. Be3 $1 Qxe3+ 28. Kh1 $18)
) 22. Qxc4 Rc8 $6 {Is the pawn really poisoned? Lutz: Während die
vorhergehenden Züge weitgehend forciert waren, hat Schwarz nun eine Reihe von
Alternativen :} (22... Ncxe4 $5 23. Bf4 (23. Qb5+ Kf8 24. Re5 Qd6 $1 {/\} 25.
Qxb7 $4 Qd4+ $19) 23... Rc8 $1 (23... Nd6 $2 24. Ba4+ Kf8 25. Rxf6+ $1 Qxf6 26.
Bxd6+ Qxd6 27. Rf1+ $18 {->}) 24. Qb5+ (24. Ba4+ Kf8 25. Qe2 Rc5 $1 $15 {
doesn't seem to give White sufficient compensation.}) (24. Qb3 {Lutz} Bd5 25.
Rxd5 (25. Qb5+ Bc6 26. Qb3 (26. Qc4 $2 Qa7+ $19) 26... Bd5 {mit Zugwiederholung
}) 25... Nxd5 26. Re1 (26. Qxd5 $2 Qa7+ $19) 26... Qc5+ 27. Kh1 O-O 28. Bxe4
Rxf4 29. Bxd5+ Kh8 30. Bf3 $14 {und die Chancen liegen bei Weiß.}) 24... Bc6
25. Qb3 Bd5 $5 {and Black has at least a draw.} {Losing is} 26. Rxd5 $2 Nxd5
27. Qxd5 Qa7+ $19) (22... Nfxe4 $2 23. Bf4 {/\Re5} Ba6 24. Ba4+ $1 $18) ({II)} 
22... Nfd7 $6 {Lutz} 23. Bg5 Qe6 24. Rxc5 Nxc5 25. Qxc5 Rc8 26. Qb5+ Bc6 27.
Qb4 $16) ({III)} 22... Ncd7 $5 $15 {Anand: Kramnik, who said that he checked
all this way back in 1991 with some friends. Lutz: kam auch stark in Betracht.}
23. Bf4 (23. Bg5 Rc8) (23. e5 Nxe5 24. Qb5+ (24. Rxe5 Qxe5 25. Bf4 Qe7 $17)
24... Nc6 {führt zu nichts, da Schwarz im nächsten Zug zur Rochade kommt.})
23... Rc8 24. Qb3 Ba6 $5 $132 {/\ ...Bc4} (24... Rxc2 $6 {ist zu phantasievoll}
25. Qxc2 Bxe4 26. Qc8+ Kf7 27. Qc4+ {Prosaisch, aber effektiv.} (27. Rxf6+ Nxf6
28. Qxh8 Qc5+ 29. Kh1 Qf2 {gibt Schwarz zumindest Dauerschach}) 27... Qe6 28.
Qxe6+ Kxe6 29. Ra5 $16 {mit klarem Vorteil im Endspiel.})) 23. Qb5+ Ncd7 $8 (
23... Rc6 $143 24. Be3 $40) (23... Nfd7 $143 24. Bg5 $40 (24. Bg5 {Lutz} Qe6
25. Rd1 $16)) (23... Qd7 {Lutz} 24. Rxc5 $18) (23... Kf7 {Lutz} 24. e5 $18) 24.
Qxb7 (24. Ba4 Bc6 (24... Qxe4 $4 25. Re5+) 25. Qa6 O-O $142 $1 (25... Nb6 26.
Bxc6+ (26. Qa5 $5) 26... Rxc6 27. Qb5 $36) 26. Bxc6 Nb8 27. Bd5+ (27. Qc4+ Kh8
28. Rc5 (28. e5 {Lutz} Rxc6 29. Qf4 Nfd7) 28... Nxc6 $1 29. Rxc6 $2 Qa7+ 30.
Kh1 Qd7 $19) 27... Nxd5 28. Rxf8+ Rxf8 29. Qc4 Kh8 $5 30. Bd2 $11 (30. Bd2 Qa7+
31. Kh1 Qf2 32. Qc1 Nf6 $19)) 24... Rxc2 25. Bg5 (25. e5 $2 Qc5+) ({Tricky was
} 25. Ra5 $5 Kf7 $142 $1 {erscheint mir beachtenswert.} (25... Qd6 26. Be3 $1
Qd3 {wird von M.Gurewitsch vorgeschlagen, aber} (26... Rf8 27. e5 Qd3 28. Qf3
$1 $16) 27. Ra3 Qe2 28. e5 Rxb2 29. Qc6 $40) (25... O-O $2 26. Qb3+) (25... Qe6
$2 26. Ra8+ Ke7 27. Rxh8 Qg4 28. Qb4+ Nc5 29. Bd2 $18) 26. Qb3+ {
Ein hübsches Echo-Motiv : Zuerst holt die weiße Dame den schwarzen Turm ab ...}
(26. e5 $6 Rb8) 26... Qe6 $1 27. Qxc2 Qb6+ {
...und dann holt die schwarze Dame den weißen Turm ab.} 28. Be3 Qxa5 29. Qc4+
Kg6 $132) 25... Qd6 (25... Qxe4 $143 $2 26. Qxe4+ Nxe4 27. Re1 Ndc5 (27... Rc4
28. b3 Rd4 29. Rf2 $1 Ndf6 (29... h6 30. Rd2 $1) 30. Rf4 $16) 28. b4 $16) (
25... O-O {Lutz} 26. Qb3+ $18 {(A.Karpow)}) 26. Qa8+ (26. Bxf6 gxf6 {-26.Qa8+}
(26... Nxf6 $2 27. Qa8+ Kf7 28. Qxh8 Qd2 29. Rxf6+ Kxf6 30. Rf1+ $18)) 26...
Kf7 $2 {A tactical oversight, which costs Black the game. According to Anand,
he overlooked White's crushing 31-st move. Lutz: Schwarz hat eine
Remis-Kombination im Sinn, die jedoch brilliant widerlegt wird. Karpow hatte
in seiner Hausanalyse 26...Qb8 als Bestes erachtet.} (26... Qb8 $142 $8 27.
Qxb8+ (27. Re5+ $2 Kf7) 27... Nxb8 28. Bxf6 gxf6 29. Rf2 Rxf2 30. Kxf2 Nc6 $11)
27. Qxh8 Qd4+ (27... Qb6+ $143 28. Kh1 Qxb2 29. Raf1 Rxg2 30. Qxh7 $18) 28. Kh1
Qxe4 29. Rf3 Rxg2 $5 30. Kxg2 Ne5 31. Qxg7+ $1 $18 {
Lutz: Dank dieser Pointe wickelt Weiß in ein klar vorteilhaftes Endspiel ab.} (
31. Bxf6 Qxf3+ 32. Kg1 Qe3+ $11) (31. Raf1 Nxf3 32. Rxf3 (32. Bxf6 Ne5+ 33. Kf2
Qf3+ $11) 32... Qe2+ 33. Kg1 $5 (33. Rf2 Qg4+) (33. Kg3 Qe1+ 34. Kh3 (34. Rf2
Qg1+ 35. Kf3 Qg4+ 36. Ke3 Qxg5+ $11 (36... Qxg5+ {Lutz} 37. Ke2 Qg4+ 38. Kd3
Qe4+ $11 {mit Dauerschach (A.Karpow).})) 34... Qe6+ $11) 33... Qxf3 34. Bxf6
Qg4+ $1 35. Kf2 Qf4+ 36. Ke1 Qe3+ 37. Kd1 (37. Kf1 Qf4+ $11) 37... Qg1+ 38. Kc2
Qxh2+ $11 {/\gf6}) 31... Kxg7 32. Bxf6+ Kg6 (32... Kh6 $5 {Lutz (A.Karpow)})
33. Bxe5 Qxe5 34. Rg1 (34. Rf2 $142 $5 $18 {is even more convincing.}) 34... h5
$8 35. b3 (35. b4 $5) 35... Qe2+ 36. Rf2 Qe4+ 37. Kf1+ $6 {
Lutz: Verliert den a-Bauern, wonach der Gewinn sehr schwierig wird.} (37. Kh3+
$142 $1 Kh6 (37... Kh7 {Lutz} 38. Rf7+ Kh6 39. Rf6+ Kh7 40. a4 {(A.Karpow)})
38. Rf6+ Kh7 39. Rg3 $18) 37... Kh6 38. Rg3 Qb1+ 39. Kg2 Qe4+ 40. Rgf3 Qg6+ 41.
Kf1 Qb1+ 42. Kg2 Qg6+ 43. Kh1 Qb1+ 44. Rf1 $8 (44. Kg2 $4 Qg6+ {
leads to threefold repetition.}) 44... Qxa2 {Although Karpov hasn't played
this phase too accurately, his win still isn't endangered. White gradually
strengthens his position by advancing his K and preparing the advance of his
passed pawn. Black has no reaslitic hopes for perpetual check, as White's R
control the whole board. White also more than once utilizes the fact, that all
pawn endgames are hopeless for Black.} 45. Rf6+ Kg7 46. Rf7+ Kh8 47. Rf8+ Kg7
48. R8f7+ Kg8 49. R7f3 Kg7 50. h3 Qc2 51. R1f2 Qe4 52. Kg2 Qb4 (52... Kg6 53.
Rd2 {/\Kf2,Re3}) 53. Re2 Qd4 54. Re7+ Kg6 55. Re6+ Kg7 56. Rg3+ Kf7 57. Rge3
Qd5+ 58. Kg3 {/\Kh4,><Ph5} Qg5+ {Otherwise Black would lose his P.} 59. Kf2
Qh4+ 60. Ke2 Qd4 61. R6e4 Qa1 (61... Qb2+ $142 $16 {Lutz (A.Karpow)}) 62. Kd3
Kf6 63. Re6+ Kf5 64. b4 Qc1 65. Kd4 Qc8 66. b5 Qd8+ 67. Kc5 Qc7+ 68. Kb4 Qf4+
69. Kb3 Qc7 70. b6 Qd7 71. R3e5+ Kf4 72. Re4+ Kg3 73. Re3+ Kh2 74. Kc4 h4 (
74... Qb7 75. Rd6 Kg2 76. Rd2+ Kf1 77. Kb5 $18) 75. Kc5 Qc8+ 76. Kd5 Qd8+ 77.
Ke4 Qd7 78. Kf5 Kg2 79. Kg5 Qg7+ 80. Kxh4 Kf2 (80... Qh7+ 81. Kg5 Qg7+ 82. Rg6
$18) 81. R3e5 $5 Qh8+ ({White will advance his b-pawn after} 81... Qg3+ 82. Kh5
Qxh3+ 83. Kg6 Qg2+ 84. Rg5 Qb7 85. Rf5+ {
/\Rf7 But now Karpov remains with 2 extra pawns.}) 82. Kg4 Qg7+ 83. Kf5 Qh7+
84. Kf6 Qh4+ (84... Qxh3 $2 85. Re2+ Kf1 86. Re1+ Kf2 87. R6e2+ $18) 85. Kf7
Qh7+ 86. Ke8 Qb7 87. h4 Qb8+ 88. Kf7 Qb7+ 89. Kg6 Qb8 90. h5 Qg8+ 91. Kf5 Qh7+
92. Kf6 Kf3 93. Re3+ Kf2 94. Re2+ Kf3 95. R2e3+ Kf2 96. Kg5 Qg8+ 97. Kh4 Qd8+
98. Kh3 Qd1 99. Re2+ Kf3 100. Kh2 Qd8 101. R6e3+ Kf4 102. b7 Qb6 103. Re4+ Kf3
104. R2e3+ Kf2 105. Re7 Qd6+ 106. Kh3 Qb8 107. R3e5 Kg1 108. Rg7+ (108. Rg7+
Kf2 109. Rf7+ Kg1 110. Re1#) 1-0

[Event "FIDE-Wch k.o. f"]
[Site "Lausanne"]
[Date "1998.??.??"]
[Round "8.5"]
[White "Karpov, Anatoly"]
[Black "Anand, Viswanathan"]
[Result "1/2-1/2"]
[WhiteElo "2735"]
[BlackElo "2770"]
[Annotator "Ftacnik"]
[PlyCount "110"]
[EventDate "1998.01.02"]
[EventType "match"]
[EventRounds "6"]
[EventCountry "SUI"]
[Source "ChessBase"]
[SourceDate "1998.04.09"]

1. d4 {Lutz} d5 2. c4 c6 3. Nc3 Nf6 4. e3 e6 5. Nf3 Nbd7 6. Qc2 Bd6 7. Bd3 O-O
8. O-O dxc4 9. Bxc4 a6 10. Rd1 (10. Bd2 c5 11. dxc5 Nxc5 12. Be2 b5 13. b4 Ncd7
14. Ne4 Be7 15. Nxf6+ Bxf6 16. Bc3 Bb7 17. Bxf6 Nxf6 $11 {
Karpov,A-Anand,V/Biel/1997/0.5 (40)}) 10... b5 (10... Qc7 11. Ne4 $1 Nxe4 12.
Qxe4 b5 (12... e5 13. Qh4 Nf6 14. e4 exd4 15. e5 $1 $40 {
Epischin,V-Brenninkmeier,J/Wijk/1992/}) 13. Bd3) 11. Be2 (11. Bf1 c5 $6 (11...
Qc7 $5) 12. dxc5 Bxc5 13. Ng5 Bb7 14. Nce4 Nxe4 (14... Rc8 $2 15. Nxf6+ $18)
15. Nxe4 Be7 (15... Rc8 16. Nxc5 Rxc5 17. Qe2 Qc7 18. Bd2 Ne5 19. Bb4 Rc2 20.
Qh5 Rxb2 21. Rac1 Rc2 22. Bd6 Nf3+ 23. gxf3 Rxc1 24. Bxc7 Rxd1 25. f4 $16 {
1/2-1/2 Arlandi,E-Luther,T/Turin op 1996 (48)}) 16. Nd6 Bd5 (16... Bxd6 17.
Rxd6 Bd5 18. e4 Rc8 19. Qd1 Bc6 20. Be3 $16) 17. e4 Bxd6 18. exd5 Rc8 (18... e5
19. a4 $14) 19. Qe2 exd5 20. Rxd5 Nf6 21. Rd3 Qc7 22. g3 Bc5 23. Be3 Bxe3 24.
Rxe3 Rfe8 {Karpov,A-Polgar,Z/Madrid 1992/1-0 (57)}) (11. Bd3 Bb7 12. e4 e5 13.
dxe5 Nxe5 14. Nxe5 Bxe5 15. Bxb5 Bxh2+ 16. Kh1 Qe7 17. Be2 Be5 18. Bf3 c5 19.
Be3 Rfe8 20. Kg1 Bxc3 21. bxc3 Bxe4 22. Bxe4 Nxe4 23. Rab1 Qe5 {
Greenfeld,A-Horvath,C/Montecatini Terme op 1997/1/2-1/2 (61)}) 11... Qc7 (11...
c5 $6 12. dxc5 Bxc5 (12... Nxc5 13. b4 $16) 13. Ne4 $1 Nxe4 (13... Qb6 14. Nxc5
Nxc5 15. b3 Bb7 16. Bb2 Be4 17. Qc1 Ncd7 18. Bd4 Qb7 19. Qb2 Rfc8 20. Rac1 {
Bukic,E-Atalik,S/Ljubljana LSK 1997/0-1 (57)}) 14. Qxe4 Ra7 (14... Qc7 $2 15.
b4 Bb6 16. Bb2 Bb7 17. Qg4 $16) 15. b4 Bb7 16. Qf4 Bxf3 (16... Be7 $2 17. Ne5
Bd5 18. Rxd5 exd5 19. Nc6 $16) 17. Bxf3 Be7 18. Bb2 Qb8 $1 19. Rac1 (19. a4 $2
Qxf4 20. exf4 bxa4 21. Rxa4 Nb6 $15) 19... Bf6 20. Bxf6 Nxf6 21. a3 {
1/2-1/2 Dautov,R-Luther,T/Bad Zwesten op 1997 (38)}) 12. Ne4 (12. e4 e5 13. g3
(13. h3 Bb7 14. dxe5 Nxe5 15. Bg5 Nxf3+ 16. Bxf3 Be5 17. Bxf6 gxf6 $11) 13...
Re8 14. a3 Bb7 (14... exd4 15. Nxd4 c5 $2 16. Ndxb5 $1 axb5 17. Nxb5 $18) 15.
Bg5 exd4 (15... h6 $6 16. dxe5 Bxe5 (16... Nxe5 17. Bxf6 gxf6 18. Qd2 $1 Rad8
19. Qxh6 $16) 17. Nxe5 hxg5 18. Nxd7 Nxd7 19. Qd2 Nf6 20. Qxg5 Nxe4 21. Nxe4
Rxe4 22. Bf3 Re5 (22... Qe5 23. Qd2 Rc4 24. Qd7 $16) 23. Rd7 $1 Qxd7 (23...
Rxg5 24. Rxc7 Rb8 25. Re1 $18) 24. Qxe5 {
1-0 Epishin,V-Polgar,Z/Madrid 1992 (44)}) 16. Nxd4 Be5 $5 $13) 12... Nxe4 (
12... Be7 13. Nxf6+ Nxf6 14. e4 $14) 13. Qxe4 e5 14. Qh4 Re8 (14... h6 $6 {
Kramnik,V-Piket,J/Wijk aan Zee 1998/CBM 63}) 15. Bd3 h6 (15... Nf6 16. dxe5
Bxe5 $14) 16. Bc2 exd4 (16... Bb7 17. e4 Rad8 18. Be3 $11) 17. Qxd4 (17. Nxd4
Nf6 18. Nf5 Bxf5 19. Bxf5 Rad8 20. Bd2 Be5 $11) (17. exd4 Be7 18. Bg5 Bxg5 19.
Nxg5 Nf6 20. Ne4 Nxe4 21. Bxe4 Qd6 22. Re1 Be6 $11) 17... Bf8 18. b3 Nf6 19.
Qh4 (19. Bb2 Bg4 20. Rac1 Rad8 $15) 19... g5 (19... Bg4 20. Bb2 Bxf3 21. gxf3
Be7 22. Kh1 $5 $14) 20. Qg3 (20. Qd4 {Lutz} Bg7 {/\} 21. Bb2 Nh5) 20... Qxg3
21. hxg3 {White is not without chances since black has weakened his kingside
and especiallt f5 square is quite vulnerable.} c5 {Lutz: Die Kontrolle der
d-Linie und der geschwächte schwarze Königsflügel wird durch die schwarze
Mehrheit am Dmaenflügel ausggeglichen.} 22. Bb2 Bg7 (22... Be7 $5) 23. Rd6 Be6
24. Rad1 Rec8 25. Bxf6 Bxf6 26. Be4 Ra7 27. Bd5 (27. Bf5 $5 Bxf5 28. Rxf6 Bc2
29. Rd2 Kg7 30. Rdd6 $14) 27... Bxd5 (27... Be7 $2 28. Rxe6 $18) 28. R1xd5 (28.
Rxf6 Kg7 29. Rd6 Bxf3 30. gxf3 c4 $11) 28... Kg7 29. Rd2 Be7 (29... c4 $1 30.
bxc4 Rxc4 $11) 30. Rb6 Bd8 31. Rbd6 Be7 32. R6d5 a5 (32... c4 $1 33. Rc2 Rac7
$11) 33. Kf1 a4 34. Ke2 axb3 35. axb3 Ra3 36. b4 $1 Rc3 (36... cxb4 37. Rxb5
$14) 37. bxc5 R3xc5 38. Rxc5 Rxc5 39. Nd4 Bf6 (39... h5 40. Rb2 Bf6 41. Kd3 Kg6
42. Rb1 Bxd4 43. exd4 Rf5 44. f3 $14) 40. g4 b4 41. Rb2 (41. Nf5+ Kg6 42. Rd6
Rc2+ 43. Kf3 h5 44. Ne7+ Kg7 45. Nf5+ Kg6 $11) 41... Rc4 42. Kd3 Rc3+ 43. Kd2 (
43. Ke4 b3 $1 44. Nxb3 Rxe3+ 45. Kxe3 Bxb2 $11) 43... Bxd4 44. exd4 Rc4 45. Kd3
Rc3+ 46. Kd2 Rc4 47. Kd3 Rc3+ 48. Ke4 (48. Kd2 $11) 48... b3 49. f3 Kf6 (49...
Rc2 50. Rxb3 Rxg2 51. d5 $14) 50. d5 Rc4+ 51. Kd3 Rf4 52. Rxb3 Ke5 53. Rb6 (53.
Rb5 Rd4+ 54. Ke3 Rxd5) 53... Kxd5 54. Rxh6 Ke5 (54... Ra4 $2 55. Rf6 Ra3+ 56.
Ke2 Ra2+ 57. Ke3 $18) 55. Ke3 (55. Ra6 f6 56. Ra5+ Ke6 57. Ke3 Rb4 $11) 55...
Ra4 1/2-1/2

[Event "FIDE-Wch k.o. f"]
[Site "Lausanne"]
[Date "1998.01.03"]
[Round "8.2"]
[White "Anand, Viswanathan"]
[Black "Karpov, Anatoly"]
[Result "1-0"]
[WhiteElo "2770"]
[BlackElo "2735"]
[Annotator "Anand"]
[PlyCount "83"]
[EventDate "1998.01.02"]
[EventType "match"]
[EventRounds "6"]
[EventCountry "SUI"]
[Source "ChessBase"]
[SourceDate "1998.04.09"]

1. e4 {Karpov} e5 2. Nf3 Nc6 3. Bb5 a6 4. Ba4 Nf6 5. O-O Bc5 6. c3 b5 7. Bb3 d6
8. a4 Bg4 9. d3 O-O 10. h3 Bxf3 11. Qxf3 Na5 12. Bc2 b4 13. Nd2 (13. Bg5 {
Karpov} b3 14. Bd1 Rb8) 13... Rb8 14. Qe2 (14. Re1 h6 $6 15. Rb1 $1 $14 {
1-0 Leko,P-Garcia,G/Yopal 1997/CBM 60 (51) [Rodriguez]}) 14... Re8 (14... Ba7 {
Karpov}) 15. Nf3 bxc3 16. bxc3 Nb3 17. Bxb3 Rxb3 18. d4 (18. Qc2 Qb8 19. Nd2
Rb7) 18... exd4 19. cxd4 Rxf3 $1 {Ftacnik: Karpov comes up with an inspired
defence, exchange sacrifice is quite dangerous and white will have to play
carefully.} (19... Rxe4 20. Be3 $1 $16) 20. Qxf3 $6 (20. gxf3 $2 Bxd4 21. Ra3 (
21. Bb2 Nh5 $1 $17) (21. Ra2 {Karpov} Qc8 22. Kg2 (22. Be3 $2 Qxh3 23. Bxd4 Re6
$19) 22... d5 23. Qd2 c5 $132) 21... d5 $44) (20. dxc5 $5 Rc3 21. Qxa6 $14)
20... Bxd4 21. Ra2 Nxe4 $44 (21... Rxe4 22. Bg5 $16) 22. Qd3 c5 (22... Qf6 $1 {
Winants} 23. Qxa6 Ng3 24. Qb5 (24. Rd1 Ne4 $1 $11) 24... Kf8) 23. Qxa6 d5 24.
a5 $1 {o^ a} (24. Qd3 Qf6 {/\ c4}) 24... c4 $1 (24... Re6 $6 {Karpov} 25. Qb7
Nc3 (25... Ng3 26. a6 $18) 26. Rc2 Re7 27. Qb6 Qe8 28. a6 Ne2+ 29. Kh1 $1 Ng3+
(29... Re6 30. Qa5 $16) 30. fxg3 Re1 31. Qb5 Qxb5 32. Rxe1 $16 c4 $140 33. Rd2)
25. Be3 (25. Qb7 $2 Re7 26. Qc6 Re6 $1) 25... Be5 (25... Re6 $2 26. Qxe6 fxe6
27. Bxd4 e5 28. Bb6 $1 {/\ a6-a7}) (25... Bf6 {Karpov} 26. Bb6 Qd7 27. Qa7 Qxa7
28. Bxa7 Nc3 29. Rc2 d4 {Lautier}) 26. Bb6 $1 (26. Qb7 d4) (26. Rc2 {Karpov} d4
27. Rxc4 dxe3 28. Rxe4 Bh2+ 29. Kxh2 Rxe4 30. fxe3 $14 {Ubilava}) 26... Qd7 (
26... Qd6 {Karpov} 27. Qb7 Nc3 $5 (27... Rb8 28. Qa7 (28. a6 h6 29. Rb1 Nc3 $17
)) 28. Rb2 d4 $1 (28... h6 $6 29. a6 Na4 30. Rb5 Nc3 31. Rc5 Ne2+ 32. Kh1 Qf6
33. Rc8 Rxc8 34. Qxc8+ Kh7 35. Be3 Ng3+ 36. fxg3 Qxf1+ 37. Kh2 Qd3 38. Bf2 Qc2
39. Bg1 $16) 29. Qf3 d3 30. Be3 Qd5 $1 (30... Ne2+ 31. Rxe2 dxe2 32. Qxe2 Qc6
33. Rc1 (33. Rb1 h6 $11) 33... Qa4 (33... c3 $5) 34. Rxc4 Qxa5) 31. Qxd5 Nxd5
32. Rb7 c3 33. a6 Nxe3 34. fxe3 c2 35. Rd7 Bb2 36. Rc7 (36. Rxd3 c1=Q 37. Rxc1
Bxc1 38. a7 f6 $17) 36... Ra8 37. Kf2 h6 38. Kf3 Rxa6 39. Ke4 Rd6 $19) 27. Qa7
Qc6 $6 (27... Qxa7 28. Bxa7 Nc3 $13) 28. Bd4 Bc7 (28... Ra8 $142 29. Qb6 Qxb6
30. Bxb6 Nc3 31. Rc2 d4 {Lautier}) 29. Rb2 c3 (29... Ra8 $2 {Karpov} 30. Qb7
Qxb7 31. Rxb7 Bxa5 32. Ra1) 30. Rb7 Rc8 31. Bb6 $2 {Ftacnik: The bishop will
become displaced and black will enjoy strong counterplay with his passed c
pawn.} (31. Rc1 $142 $1 {Karpov} Nd6 (31... Qd6 32. Rxc7 Qxc7 33. Qxc7 Rxc7 34.
a6 {/\ 35.f3, 36.R:c3}) (31... c2 $2 32. Rb2) 32. Rb3 $1 (32. a6 Nxb7 33. axb7
Re8) (32. Rxc3 Qxb7 33. Qxb7 Nxb7 34. a6 Na5 $1 35. a7 Nc4 $19) 32... Nb5 33.
Qc5 (33. Rcxc3 $2 Qxc3 $1 34. Rxc3 Nxa7 35. Bxa7 Bh2+ 36. Kxh2 Rxc3 $19) 33...
Qxc5 (33... Nxd4 34. Qxc6 Nxc6 35. Rbxc3 Bxa5 36. Rxc6 Rxc6 37. Rxc6 g6 38. Rc5
$18) 34. Bxc5 Bf4 35. Be3 Nd4 36. Bxd4 Bxc1 37. Rxc3 $18 {Ubilava}) (31. a6
$142 $1 {Karpov} h6 (31... Qd6 32. Rxc7 Qxc7 33. Qxc7 Rxc7 34. a7 Rc8 35. Rb1
c2 36. Rc1 $18) (31... c2 32. Rc1 $16) 32. Rxc7 Rxc7 33. Qb8+ Rc8 34. a7 c2 35.
Rc1 Kh7 36. Qb3 $16 {Lautier}) 31... Be5 32. Rxf7 (32. Rc1 {Karpov} d4 $1 (
32... c2 {Karpov} 33. Re7 $1 Bb2 (33... Bf6 $2 34. Rc7 Rxc7 35. Qxc7 $18) 34.
Bd4 $1 Bxd4 35. Qxd4 $16) 33. Rd7 Qh6 34. Rc2 Qd2 $1 $19) 32... c2 33. Rc1 Nc3
(33... Ng5 $11 {Karpov} 34. Re7 Nxh3+ 35. gxh3 Qg6+ $11) 34. Rf3 (34. Rf5 {
Karpov} Qe6 $1 (34... Bc7 35. Bxc7 Ne2+ 36. Kh1 Rxc7 (36... Qxc7 $4 37. Rxc2 $1
$18) 37. Rxc2 Qxc2 38. Qa8+ Rc8 39. Qxd5+ Kh8 40. g3 h6 41. Kg2) 35. Rxe5 Qxe5
36. Qd7 Ne2+ 37. Kf1 Re8 $1 (37... Rf8 $2 38. Rxc2 Ng3+ 39. Kg1 Qe1+ 40. Kh2
Nf1+ 41. Kh1 Ne3+ 42. Kh2 Nxc2 43. Qxd5+ Rf7 44. a6 Nb4 $11 45. a7 Nxd5 46.
a8=Q+ Rf8 47. Qxd5+) 38. Bc7 Qe4 39. Rxc2 (39. f3 Qe3 $19) 39... Ng3+ 40. Kg1
Qe1+ 41. Kh2 Nf1+ 42. Kh1 Ne3+ 43. Kh2 Nxc2 44. Qxd5+ Qe6 $19) 34... h6 $4 {
Ftacnik: Karpov misses the boat in a completely winning position. One must
admit, that the move 35...Qe8! from the winning line is easier for the
computer programs than for the living grandmaster.} (34... Ne2+ $1 35. Kf1 (35.
Kh1 {Karpov} Qe6 $1 36. Be3 d4 37. Bd2 Nxc1 38. Bxc1 Bb8 $19) 35... Qe8 $1 $19
{Fritz} (35... Qe6 $2 36. Kxe2 Bb8+ 37. Re3) 36. Kxe2 $140 (36. Be3 Nxc1 37.
Bxc1 Bb2 $19) 36... Bb8+ 37. Re3 Qb5+ $19) 35. Qf7+ Kh8 36. Re3 $1 $18 d4 37.
Rxe5 d3 38. Bd4 $1 Rg8 39. Re6 d2 40. Rxc6 $1 dxc1=Q+ 41. Kh2 $18 Qd2 42. Rc8
1-0